Технико-экономическое обоснование проектирования цеха химического производства: учебное пособие
| সংস্থা লেখক: | |
|---|---|
| অন্যান্য লেখক: | , , |
| সংক্ষিপ্ত: | Заглавие с титульного экрана Электронная версия печатной публикации В пособии описаны порядок и методика выполнения экономической части выпускной квалификационной работы «Финансовый менеджмент, ресурсоэффективность и ресурсосбережение», направленной на технико-экономическое обоснование проектирования химического производства. Рассмотрены способы расчета основных технико-экономических показателей проектируемого производства. Приведены методы определения экономической эффективности проектируемого объекта химической отрасли. Предназначено для студентов, обучающихся по специальности 18.05.02 «Химическая технология материалов современной энергетики», по направлениям 18.03.01 «Химическая технология» (бакалавриат), 18.03.02 «Энерго- и ресурсосберегающие процессы в химической технологии, нефтехимии и биотехнологии», 18.04.01 «Химическая технология» (магистратура). Основные рекомендации и примеры будут полезны студентам, обучающимся по программам специалитета 14.05.02 «Атомные станции: проектирование, эксплуатация и инжиниринг» и 14.05.04 «Электроника и автоматика физических установок». Режим доступа: из корпоративной сети ТПУ |
| ভাষা: | রুশ |
| প্রকাশিত: |
Томск, Изд-во ТПУ, 2020
|
| বিষয়গুলি: | |
| অনলাইন ব্যবহার করুন: | https://www.lib.tpu.ru/fulltext2/m/2020/m038.pdf |
| বিন্যাস: | বৈদ্যুতিক গ্রন্থ |
| KOHA link: | https://koha.lib.tpu.ru/cgi-bin/koha/opac-detail.pl?biblionumber=345087 |
MARC
| LEADER | 00000nlm0a2200000 4500 | ||
|---|---|---|---|
| 001 | 345087 | ||
| 005 | 20240228121523.0 | ||
| 035 | |a (RuTPU)RU\TPU\book\376899 | ||
| 035 | |a RU\TPU\book\268951 | ||
| 090 | |a 345087 | ||
| 100 | |a 20200722d2020 m y0rusy50 ca | ||
| 101 | 0 | |a rus | |
| 102 | |a RU | ||
| 105 | |a a j 001zy | ||
| 135 | |a drcn ---uucaa | ||
| 181 | 0 | |a i | |
| 182 | 0 | |a b | |
| 200 | 1 | |a Технико-экономическое обоснование проектирования цеха химического производства |e учебное пособие |f Национальный исследовательский Томский политехнический университет ; сост. Е. Л. Бойцова ; Ф. А. Ворошилов ; Е. В. Меньшикова | |
| 203 | |a Текст |c электронный | ||
| 210 | |a Томск |c Изд-во ТПУ |d 2020 | ||
| 300 | |a Заглавие с титульного экрана | ||
| 300 | |a Электронная версия печатной публикации | ||
| 330 | |a В пособии описаны порядок и методика выполнения экономической части выпускной квалификационной работы «Финансовый менеджмент, ресурсоэффективность и ресурсосбережение», направленной на технико-экономическое обоснование проектирования химического производства. Рассмотрены способы расчета основных технико-экономических показателей проектируемого производства. Приведены методы определения экономической эффективности проектируемого объекта химической отрасли. Предназначено для студентов, обучающихся по специальности 18.05.02 «Химическая технология материалов современной энергетики», по направлениям 18.03.01 «Химическая технология» (бакалавриат), 18.03.02 «Энерго- и ресурсосберегающие процессы в химической технологии, нефтехимии и биотехнологии», 18.04.01 «Химическая технология» (магистратура). Основные рекомендации и примеры будут полезны студентам, обучающимся по программам специалитета 14.05.02 «Атомные станции: проектирование, эксплуатация и инжиниринг» и 14.05.04 «Электроника и автоматика физических установок». | ||
| 333 | |a Режим доступа: из корпоративной сети ТПУ | ||
| 452 | 1 | |0 (RuTPU)RU\TPU\book\377960 |y 978-5-4387-0937-4 |t Технико-экономическое обоснование проектирования цеха химического производства |o учебное пособие |f Национальный исследовательский Томский политехнический университет ; сост. Е. Л. Бойцова , Ф. А. Ворошилов , Е. В. Меньшикова |c Томск |n Изд-во ТПУ |d 2020 |p 87 с. | |
| 606 | 1 | |a Химические производства, предприятия |x Проектирование |2 stltpush |3 (RuTPU)RU\TPU\subj\73621 |9 86523 | |
| 610 | 1 | |a электронный ресурс | |
| 610 | 1 | |a учебные пособия | |
| 610 | 1 | |a труды учёных ТПУ | |
| 610 | 1 | |a организация производства | |
| 610 | 1 | |a сметная стоимость | |
| 610 | 1 | |a расчеты | |
| 610 | 1 | |a персонал | |
| 610 | 1 | |a фонд заработной платы | |
| 610 | 1 | |a экономическое обоснование | |
| 610 | 1 | |a НИР | |
| 610 | 1 | |a научно-исследовательская работа | |
| 610 | 1 | |a экономическая часть | |
| 610 | 1 | |a ВКР | |
| 610 | 1 | |a финансовый менеджмент | |
| 610 | 1 | |a технико-экономическое обоснование | |
| 610 | 1 | |a химическое производство | |
| 610 | 1 | |a экономическая эффективность | |
| 675 | |a 66.013.5(075.8) |v 4 | ||
| 702 | 1 | |a Бойцова |b Е. Л. |c физик |c доцент Томского политехнического университета, кандидат технических наук |f 1975- |g Елена Львовна |y Томск |3 (RuTPU)RU\TPU\pers\34868 |4 220 |9 18204 | |
| 702 | 1 | |a Ворошилов |b Ф. А. |c химик-технолог |c доцент Томского политехнического университета, кандидат технических наук |f 1962- |g Федор Анатольевич |3 (RuTPU)RU\TPU\pers\30176 |4 220 | |
| 702 | 1 | |a Меньшикова |b Е. В. |c философ |c доцент Томского политехнического университета, кандидат философских наук |f 1974- |g Екатерина Валентиновна |3 (RuTPU)RU\TPU\pers\32690 |4 220 |9 16576 | |
| 712 | 0 | 2 | |a Национальный исследовательский Томский политехнический университет |b Школа базовой инженерной подготовки |c (2017- ) |3 (RuTPU)RU\TPU\col\23509 |
| 801 | 1 | |a RU |b 63413507 |c 20131225 | |
| 801 | 2 | |a RU |b 63413507 |c 20210701 |g RCR | |
| 856 | 4 | |u https://www.lib.tpu.ru/fulltext2/m/2020/m038.pdf | |
| 942 | |c CF | ||